=LDR 00000nam 2200000 4500 =001 INLIS000000000052042 =005 20180118105746 =035 ##$$a 0010-0118000230 =007 ta =008 180118###########################0###### =020 ##$$a 978-602-7929-52-4 =082 ##$$a 641.4 =084 ##$$a 641.4 SAM d =100 #$$a Samiyati =245 1#$$a 25 Masakan Tradisional Tanpa Daging Cita Rasa Istimewa /$c Samiyati =260 ##$$a Surakarta :$b Visi Mandiri,$c 2014 =300 ##$$a iv, 76Hlm : $b ilus. ; $c 25 cm =500 ##$$a Biografi : hlm. 76 =650 ##$$a Masakan =990 ##$$a 12081208 =990 ##$$a 12081208 =990 ##$$a 12081208 =990 ##$$a 12081208 =990 ##$$a 12081208 =990 ##$$a 21707574 =990 ##$$a 01201801208 =990 ##$$a 01201801209 =990 ##$$a 01201801210 =990 ##$$a 01201801211 =990 ##$$a 21707575 =990 ##$$a 01201801208 =990 ##$$a 01201801209 =990 ##$$a 01201801210 =990 ##$$a 21707574 =990 ##$$a 21707576 =990 ##$$a 01201801208 =990 ##$$a 01201801209 =990 ##$$a 21707575 =990 ##$$a 21707574 =990 ##$$a 21707577 =990 ##$$a 01201801208 =990 ##$$a 21707576 =990 ##$$a 21707575 =990 ##$$a 21707574 =990 ##$$a 21707578 =990 ##$$a 21707577 =990 ##$$a 21707576 =990 ##$$a 21707575 =990 ##$$a 21707574